000 00430nam a22001457a 4500
005 20251205104854.0
008 251205b |||||||| |||| 00| 0 eng d
020 _a9781510105263
082 _aDFic B236 2018
100 _aBardugo, Leigh.
_969420
245 _aSeigh and storm /
_cLeigh Bardugo.
260 _aGreat Britain :
_bHodder and Stoughton,
_c©2018.
300 _a386 pages :
_billustrations ;
_c20 cm.
942 _2ddc
_cDFIC
999 _c24214
_d24214